000 00318nam a22001337a 4500
005 20260401101015.0
008 260401b |||||||| |||| 00| 0 eng d
041 _aeng
100 _aPRIYANSHU TRIPATHI
_98916
245 _aTHE INTERNSHIP DIERY
260 _aNEW DELHI
_bNAVJAGARAN
_c2022
300 _a75;P
942 _cBB
999 _c9111
_d9109